000 00910nam a2200337 i 4500
001 00034
003 DO-SdBNP
005 20180117120737.0
007 00034
008 930105s1990 sp |||| ||spa d
016 7 _a
_z
_2BPMSU
017 _a
_b
020 _a8434827182
035 _a
040 _a BPMSU
_bspa
_cBPMSU
041 1 _aspa
_h
080 4 _a087.5:82
082 _a895.13
_bN714b
100 1 _aTie, Ning
_4
245 1 3 _aLa blusa roja sin botones /
_h
_cTie Ning ; novela traducida del chino por Taciana Fisac
250 _a2ª ed.
260 _aMadrid :
_bSM,
_c1990
300 _a157 p. ;
_c21 cm
490 _aGran angular
500 4 _aTraducción de : Meiyou niukou de hong chenshan
700 1 _aFisac, Taciana
_etr.
830 _aGran angular
_v85
942 _2ddc
_cBK
945 _ainventariado, 2018 / dg
956 _aVMATEO
_b10
_c20160715
_dBPMSU
_f0069
999 _c10894
_d10894